Loading...
| Fine Arts - Other Fine Arts | 1 | 3 | 0 | 1 | 45 | 70 | 105.50 | 1 | 4 |
| Fine Arts - Painting and Sculpture | 0 | 3 | 0 | 1 | 30 | 71 | 115.00 | 1 | 3 |
| Fine Arts - Classical Music | 0 | 3 | 0 | 0 | 30 | 77 | 117.00 | 1 | 3 |
| Literature - Poetry | 1 | 2 | 1 | 0 | 30 | 84 | 96.33 | 1 | 3 |
| Literature - Short Fiction | 0 | 3 | 0 | 0 | 30 | 104 | 118.00 | 2 | 3 |
| Science - Biology | 0 | 3 | 0 | 1 | 30 | 91 | 113.67 | 1 | 3 |
| Religion | 0 | 3 | 1 | 1 | 25 | 121 | 132.00 | 0 | 3 |
| History - World History | 1 | 0 | 0 | 0 | 15 | 60 | 60.00 | 1 | 1 |
| Science - Other Science | 0 | 2 | 1 | 0 | 15 | 101 | 122.00 | 0 | 2 |
| Science - Physics | 0 | 2 | 1 | 1 | 15 | 127 | 128.00 | 1 | 2 |
| Literature - Drama | 0 | 1 | 0 | 0 | 10 | 107 | 107.00 | 1 | 1 |
| Philosophy | 0 | 1 | 0 | 0 | 10 | 109 | 109.00 | 0 | 1 |
| Literature - Long Fiction | 0 | 1 | 0 | 0 | 10 | 128 | 128.00 | 0 | 1 |
| Literature - Misc Literature | 0 | 1 | 0 | 1 | 10 | 132 | 132.00 | 0 | 0 |
| Other Academic | 0 | 1 | 0 | 0 | 10 | 92 | 92.00 | 0 | 1 |
| History - European History | 0 | 1 | 0 | 1 | 10 | 137 | 137.00 | 0 | 1 |
| Mythology | 0 | 0 | 0 | 0 | 0 | 0.00 | 0 | 0 | |
| Science - Chemistry | 0 | 0 | 1 | 0 | -5 | 0.00 | 0 | 0 | |
| History - American History | 0 | 0 | 1 | 0 | -5 | 0.00 | 0 | 0 | |
| Social Science | 0 | 0 | 1 | 0 | -5 | 0.00 | 0 | 0 |